000 01639cam a2200469 i 4500
001 23356
003 KOSZ 005
005 20200601082407.0
008 981103s1986 pl a f f |000 0 pol
015 _aPB 1986/6068
020 _a8301053070
040 _aWA N
_cWA N
_dKOSZ 005/HR
046 _k1986
080 _a624.012.45
080 _a691
080 _a539.5
080 _a(07)
100 1 _aKwieciński, Marek
_d(1929-2004)
_eAutor
245 1 0 _aProjektowanie żelbetowych układów płytowo-żebrowych metodami teorii plastyczności /
_cMarek Kwieciński ; Polska Akademia Nauk. Instytut Podstawowych Problemów Techniki.
260 _aWarszawa :
_bPaństwowe Wydawnictwo Naukowe,
_c1986.
300 _a256 s. :
_brys., wykr. ;
_c25 cm.
336 _2rdacontent
_aTekst
_btxt
337 _2rdamedia
_aBez urządzenia pośredniczącego
_bn
338 _2rdacarrier
_aWolumin
_bnc
380 _aKsiążki
380 _aPublikacje dyaktyczne
385 _mPoziom nauczania
_aSzkoły wyższe
388 _a1901-2000
388 _a1945-1989
490 1 _aBiblioteka Mechaniki Stosowanej.
504 _aBibliogr. s. 253-256.
650 4 _aKonstrukcje żelbetowe
650 4 _aPłyty konstrukcyjne
650 4 _aProjektowanie
650 4 _aPlastyczność
655 4 _aPodręcznik
658 _aArchitektura i budownictwo
710 2 _aPaństwowe Wydawnictwo Naukowe
_4pbl
830 0 _aBiblioteka Mechaniki Stosowanej
856 _uhttp://koha.tu.koszalin.pl/cgi-bin/koha/opac-detail.pl?biblionumber=23356
_yKatalog online BPK
942 _2UKD
_cKS
999 _c23356
_d23356